000 00625nam a2200193Ia 4500
003 IN-BaIIA
008 211028s9999 xx 000 0 eng d
020 _a978-0-521-17052-9
040 _cIIA Library
080 _a5(091)
_bHUF
100 _aHuff, Toby E
_934870
245 0 _aIntellectual curiosity and the scientific revolution
_ba global perspective
_cToby E. Huff
260 _aCambridge
_bCambridge University Press
_c2011
300 _axiii, 354p.
650 _aDiscoveries in science-Europe-History
_934871
650 _aScience-Europe-History
_934872
650 _aScience-Experiments-History
_934873
942 _cBK
999 _c18220
_d18220